Norwegian counties by population (post 2020) - Statistics

General Stats
  • This quiz has been taken 22 times
  • The average score is 8 of 11
Answer Stats
Hint Answer % Correct
693,494 Oslo
100%
1,241,165 Viken
100%
636,531 Vestland
80%
371,385 Innlandet
73%
307,231 Agder
67%
241,235 Nordland
67%
243,311 Troms og Finnmark
67%
265,238 Møre og Romsdal
60%
479,892 Rogaland
60%
468,702 Trøndelag
60%
419,396 Vestfold og Telemark
60%
No matching quizzes found
Score Distribution
Percent of People with Each Score
Percentile by Number Answered
Your Score History
You have not taken this quiz